|
|
|
|
| LEADER |
01017naa a2200253 i 4500 |
| 001 |
acta71672 |
| 005 |
20260224081030.0 |
| 008 |
210121s2020 hu o 100 hun d |
| 020 |
|
|
|a 978-963-306-775-8
|
| 024 |
7 |
|
|a 10.14232/kvantumelektronika.9.16
|2 doi
|
| 040 |
|
|
|a SZTE Egyetemi Kiadványok Repozitórium
|b hun
|
| 041 |
|
|
|a hun
|
| 100 |
1 |
|
|a Kasza József
|
| 245 |
1 |
3 |
|a Az atomi magasfelharmonikus-keltés polarizációfüggése diszkrét bázis esetén
|h [elektronikus dokumentum] /
|c Kasza József
|
| 260 |
|
|
|c 2020
|
| 300 |
|
|
|a 87-90
|
| 490 |
0 |
|
|a Kvantumelektronika : Szimpózium a hazai kvantumelektronikai kutatások eredményeiről
|v 9
|
| 650 |
|
4 |
|a Természettudományok
|
| 650 |
|
4 |
|a Fizikai tudományok
|
| 695 |
|
|
|a Kvantumelektronika
|
| 700 |
0 |
1 |
|a Dombi Péter
|e aut
|
| 700 |
0 |
1 |
|a Földi Péter
|e aut
|
| 710 |
|
|
|a Szimpózium a hazai kvantumelektronikai kutatások eredményeiről (9.) (2021) (Szeged)
|
| 856 |
4 |
0 |
|u http://acta.bibl.u-szeged.hu/71672/1/kvantumelektronika_2021_087-090.pdf
|z Dokumentum-elérés
|